Statistics for A-Z: Diseases and Conditions

Click here to take the quiz!

General Stats

  • This quiz has been taken 24 times
  • The average score is 11 of 26

Answer Stats

HintAnswer% Correct
Life threatening infection which makes you go crazy, caused by bitesRRabies
85%
Virus that causes AIDSHHIV
80%
Inflammation of the skinDDermatitis
70%
Thinning of the bones, often associated with fracturesOOsteoporosis
70%
Skin condition that causes itchy, dry skinEEczema
65%
Illness due to accumulated bilirubin in the bloodJJaundice
65%
Chronic disfiguring disease often featured in the BibleLLeprosy
55%
Serious acute brain disease due to infectionMMeningitis
55%
Death of tissueNNecrosis
55%
Life threatening infection also known as LockjawTTetanus
55%
Stomach or duodenal condition treated by reducing stomach acid, or, in serious cases, by surgeryUUlcer
55%
Viral infection caused by VaricellaCChicken pox
50%
Viral disease also known as RubellaGGerman Measles
40%
Chronic disease causing muscle achesFFibromyalgia
35%
Disease involving the development of plaques on the skinPPsoriasis
35%
Potentially fatal disease of childhood, caused by Bordatella PertussisWWhooping Cough
35%
Disease contracted from infected animals that causes skin ulcers such as sheep and cattleAAnthrax
30%
Common disorder that causes pain, diarrhoea and constipationIIBS
30%
Condition causing severe leg pain, due to disc pressing on a nerveSSciatica
30%
Housemaid's knee is an example of this type of inflammatory conditionBBursitis
25%
A life threatening complication of diabetesKKetoacidosis
20%
Zoonosis which can cause infection of the heart valves, caused by Coxiella BurnettiiQQ fever
20%
Bacterium that causes PlagueYYersinia Pestis
20%
Term for a disease spread between animals and humansZZoonosis
15%
Virus that caused SmallpoxVVariola
10%
Condition causing excessively dry skinXXeroderma
5%

Score Distribution

Percentile by Number Answered

Percent of People with Each Score

Your Score History

You have not taken this quiz